000 00631nam a2200241Ia 4500
001 47459
005 20240114003832.0
007 ta
008 090430s1970 g b000 u Ben u
020 _cHB
040 _aCotton College,Assam
041 _aBen
082 _a915.4
_bC 349 K
100 _aChakrabarty, Subudh Kumar .
245 0 _aKutil Kumayun /
_cSubudh Kumar Chakrabarty.
_hTextual Documents
250 _a1st ed. /
260 _aCalcutta :
_bAmar sahitya Prakashan ,
_c1970.
300 _a162p. ;
_c22 cm..
653 _aT/G-Geography
942 _2ddc
_cBK
999 _c47424
_d47424